The school of velocity. Opus 299: complete and in four books
Збережено в:
| Автор: | |
|---|---|
| Формат: | Музична партитура Книга |
| Мова: | Англійська |
| Опубліковано: |
Nueva York
G. Schirmer
1893
|
| Серія: | Schirmer's Library of Musical Classics, 161-165
|
| Предмети: | |
| Теги: |
Додати тег
Немає тегів, Будьте першим, хто поставить тег для цього запису!
|
MARC
| LEADER | 00000ncm a2200000 a 4500 | ||
|---|---|---|---|
| 001 | UCN5555 | ||
| 003 | CL-VaPUC | ||
| 005 | 20250325095626.0 | ||
| 008 | 010907e18930000US |||||||||||||||||eng|d | ||
| 999 | |c 296942 |d 296940 | ||
| 040 | |c Pontificia Universidad Católica de Valparaíso | ||
| 082 | 0 | 4 | |a Pn786.2193 CZE 1893 |2 21 |
| 100 | 0 | |a Czerny, Carl |e author |9 461433 | |
| 245 | 1 | 4 | |a The school of velocity. Opus 299: complete and in four books |
| 260 | |a Nueva York |b G. Schirmer |c 1893 | ||
| 300 | |a v | ||
| 490 | 0 | |a Schirmer's Library of Musical Classics, 161-165 | |
| 583 | |a last modification |c 20010907 00:00:00 |k Rodrigo Vera | ||
| 650 | 0 | |a Piano |x Estudio e instrucción |9 325053 | |
| 650 | 0 | |a Piano, ejercicios y estudio |9 328974 | |
| 650 | 0 | |a Piano |x Técnicas de ejecución |9 328975 | |
| 650 | 0 | |a Enseñanza de la música |9 339802 | |
| 650 | 0 | |a Piano, interpretación |2 CL-VaPUC |9 461397 | |
| 650 | 0 | |a Compositores austríacos |2 CL-VaPUC |9 324827 | |
| 942 | |c BK |2 ddc | ||
| 945 | |d 20010907 00:00:00 |a lriquelm | ||
| 952 | |0 0 |1 0 |2 ddc |4 0 |6 PN_786_219300000000000_CZE_1893 |7 0 |8 F |9 351248 |a BIBEDU |b BIBEDU |d 2019-11-21 |h v.1 |i 1166476 |o Pn786.2193 CZE 1893 |p 1166476 |r 2023-11-22 |w 2019-11-21 |y PA |k MUS | ||